Normal view MARC view
  • HISTORY OF INDIA

Entry Topical Term

Number of records used in: 1

001 - CONTROL NUMBER

  • control field: 8981

003 - CONTROL NUMBER IDENTIFIER

  • control field: JRU

005 - DATE AND TIME OF LATEST TRANSACTION

  • control field: 20260413144215.0

008 - FIXED-LENGTH DATA ELEMENTS

  • fixed length control field: 260413|| aca||aabn | a|a d

040 ## - CATALOGING SOURCE

  • Original cataloging agency: JRU
  • Transcribing agency: JRU

150 ## - HEADING--TOPICAL TERM

  • Topical term or geographic name as entry element: HISTORY OF INDIA

670 ## - SOURCE DATA FOUND

  • Source citation: Work cat.: (JRU)4340: Tully, Mark 3001, India in slow motion, 2002